000 00661nam a2200217Ii 4500
003 JO-AjNU
008 230605s9999||||xx |||||||||||||| ||und||
017 _a2002/3950
020 _a977-01-7736-9
040 _aJO-AjNU
_bara
_erda
_cJO-AjNU
041 _aara
050 1 4 _aSB317 ، 2002
100 3 _aعبدالحميد ، محمد,
_eauthor
_919317
245 0 0 _aالنخلة في بستان التاريخ
264 3 1 _aالقاهرة:الهيئة المصرية للكتاب ، 2002
300 _a222ص
336 _atext
_btxt
_2rdacontent
337 _aunmediated
_bn
_2rdamedia
338 _avolume
_bnc
_2rdacarrier
650 4 _aالنخيل
_919318
999 _aA6350
_c9918
_d9918